000 00234nam a2200097Ia 4500
008 170619s9999 xx 000 0 und d
100 _aProakis- John G.
245 0 _aDigital Signal Processing
260 _bSingapore; Pearson
260 _c2004
546 _aENGLISH
999 _c17171
_d17171